00888nam a2200229 a 450000100060000000300080000600500170001400800410003103500190007204000320009104100080012308200220013110000280015324500510018126000570023230000290028965000250031894200120034399900170035595201440037295201420051672825BD-RjUL20211209082320.0170524s1967 enka 001 0 eng d a(BD-RjUL)73043 aDLCcDLCdDLCdBD-RjULbeng aeng00a572bBAD 19722231 aBaldwin, Ernest.93583310aThe nature of biochemistry /cErnest Baldwin,  aCambridge :bCambridge U.P.,cc1967 [reprinted 1972] a115 p. :bill. ;c23 cm. 0aBiochemistry.935834 2ddccBK c72825d72825 00102ddc40718NFICaRUCLbRUCLcReadingd1977-05-20eW. Heffer and sonsg1.50l0o572 BAD 1972r2017-05-24 00:00:00tC-1w2017-05-24yBK 00102ddc40708NFICaRUCLbRUCLcStackd1977-05-20eW. Heffer and sonsg1.50l0o572 BAD 1972r2017-05-24 00:00:00tC-2w2017-05-24yBK